Analýza vplyvu orientácie modelu a nastavenia procesných parametrov na rozmerové vlastnosti dielu vyrobeného FDM technológiou v aplikácii pre interiéry automobilov

Salvato in:
Dettagli Bibliografici
Autore principale: Mojžiš, Matúš (Autore)
Altri autori: Milde, Ján (Relatore della tesi)
Natura: Manoscritto Libro
Lingua:slovacco
Pubblicazione: 2025
Soggetti:
Accesso online:http://is.stuba.sk/zp/portal_zp.pl?podrobnosti=176981
Tags: Aggiungi Tag
Nessun Tag, puoi essere il primo ad aggiungerne!!

MARC

LEADER 00000ntm a22000003a 4500
001 stuzp103477
003 SK-STU
005 20250628210642.1
007 ta
008 150427s2015----xo-----f-mn---000-0-slo-d
040 |a STU  |b slo 
041 0 |a slo 
100 1 |a Mojžiš, Matúš  |u 063000  |4 aut  |U MTF Materiálovotechnologická fakulta  |T MTF Ústav výrobných technológií  |X 122028  |U M3000  |Y 83  |7 122028 
242 0 1 |a Analysis of the Impact of Model Orientation and Process Parameter Settings on the Dimensional Properties of a Part Produced Using FDM Technology in Automotive Interior Applications  |y eng 
245 1 0 |a Analýza vplyvu orientácie modelu a nastavenia procesných parametrov na rozmerové vlastnosti dielu vyrobeného FDM technológiou v aplikácii pre interiéry automobilov 
260 |c 2025 
650 4 |a FDM  |2 slo 
650 4 |a 3D tlač  |2 slo 
650 4 |a parametre tlače  |2 slo 
650 4 |a hrúbka vrstvy  |2 slo 
650 4 |a orientácia modelu  |2 slo 
650 4 |a 3D skenovanie  |2 slo 
650 4 |a FDM  |2 eng 
650 4 |a 3D printing  |2 eng 
650 4 |a printing parameters  |2 eng 
650 4 |a layer height  |2 eng 
650 4 |a 3D scanning  |2 eng 
650 4 |a model orientation  |2 eng 
700 1 |a Milde, Ján  |u 063200  |k Z1  |4 ths  |U MTF Ústav výrobných technológií  |T MTF Katedra obrábania a počítačovej podpory technológií  |X 56936  |U M3200  |Y 164  |7 A000056936 
856 4 |u http://is.stuba.sk/zp/portal_zp.pl?podrobnosti=176981 
996 |c M* BP-9991  |l MMSKP  |s P  |a 0  |w stuzp103477_0001